000
00258nam a22000977a 4500
008
260413b |||||||| |||| 00| 0 eng d
020
_a
9789390066841
100
_a
Pilkey Dav
_9
7862
245
_a
Dog Man Grime and Punishment-9
260
_a
India
_b
Scholastic
_c
2024
999
_c
12860
_d
12860